[Event "Moscow Open 2009 B"]
[Site "www.moscowchessopen.ru"]
[Date "2009.02.04"]
[Round "5.78"]
[White "Kreines, Mikhail"]
[Black "Uraev, Ivan"]
[Result "0-1"]
[WhiteElo "2041"]
[BlackElo "2194"]
[Annotator ""]
[Source ""]
[Remark ""]

1.d4 Nf6 2.c4 c5 3.d5 e6 4.Nc3 exd5 5.cxd5 d6 6.e4 g6 7.Bd3 Bg7
8.Nf3 O-O 9.h3 a6 10.a4 Qc7 11.O-O Nbd7 12.Bf4 Rb8 13.Qd2 Re8
14.Rfe1 c4 15.Bc2 Nh5 16.Bh2 Ne5 17.Nxe5 dxe5 18.a5 b5 19.axb6
Rxb6 20.Ba4 Rd8 21.Qc2 Nf4 22.Bxf4 exf4 23.f3 Qe5 24.Red1 Qg5
25.Kh1 Qh4 26.Rab1 g5 27.Kg1 h5 28.Qf2 Qxf2+ 29.Kxf2 g4 30.hxg4
hxg4 31.Bc6 Be5 32.Rdc1 g3+ 33.Ke2 Kg7 34.Rh1 Rb3 35.Nd1 f5 36.Rc1
fxe4 37.Rxc4 exf3+ 38.gxf3 a5 39.Re4 Bd6 40.Rh5 Kg6 41.Rh4 Ba6+
42.Ke1 Rxf3 43.Be8+ Kf5 44.Re6 Bb4+ 45.Nc3 Rf1+ 0-1

[Event "Moscow Open 2009 B"]
[Site "www.moscowchessopen.ru"]
[Date "2009.02.04"]
[Round "5.79"]
[White "Zimin, Alexey"]
[Black "Galynin, Dmitri"]
[Result "1-0"]
[WhiteElo "2193"]
[BlackElo "2049"]
[Annotator ""]
[Source ""]
[Remark ""]

1.e4 c5 2.Nf3 Nc6 3.Nc3 g6 4.d4 cxd4 5.Nxd4 Bg7 6.Be3 d6 7.Bc4
Nf6 8.f3 O-O 9.Bb3 a6 10.Qd2 Bd7 11.h4 Na5 12.h5 Nxb3 13.axb3
Re8 14.hxg6 fxg6 15.Bh6 Bh8 16.Bg5 Rc8 17.g4 Rf8 18.O-O-O Qa5
19.Kb1 Rf7 20.Qe3 Qc5 21.Rhe1 b5 22.b4 Qxb4 23.Nb3 Be6 24.Rd4
Rc4 25.Na2 Qa4 26.Nc3 Qb4 27.e5 dxe5 28.Rd8+ Rf8 29.Rxf8+ Kxf8
30.Qxe5 Bf7 31.Rd1 Rc8 32.Rd4 Bc4 33.Nd5 Ng8 34.Qf4+ 1-0

[Event "Moscow Open 2009 B"]
[Site "www.moscowchessopen.ru"]
[Date "2009.02.04"]
[Round "5.80"]
[White "Kondratiev, Vissarion L"]
[Black "Zhdanov, Vladimir"]
[Result "0-1"]
[WhiteElo "2188"]
[BlackElo "2025"]
[Annotator ""]
[Source ""]
[Remark ""]

1.e4 Nf6 2.e5 Ng8 3.d4 d6 4.Bc4 d5 5.Bd3 c5 6.dxc5 Nc6 7.Bf4
Qa5+ 8.Nd2 Qxc5 9.Ngf3 Bg4 10.h3 Bxf3 11.Qxf3 e6 12.O-O Nge7
13.c4 Nd4 14.Qe3 Nef5 15.Bxf5 Nxf5 16.Qxc5 Bxc5 17.cxd5 exd5
18.Rfd1 Nd4 19.Be3 Rd8 20.Nf3 Nxf3+ 21.gxf3 d4 22.Bg5 Rd5 23.f4
O-O 24.Bh4 Rc8 25.Rac1 Rc6 26.Rd3 Bb6 27.Rxc6 bxc6 28.Kg2 Kf8
29.Kf3 Ra5 30.a3 c5 31.Ke4 c4 32.Rd1 d3 33.f5 h6 34.f4 Rb5 35.Be1
Rxb2 36.Bb4+ Ke8 37.e6 f6 38.Kd5 Rc2 39.a4 Be3 40.Rb1 d2 41.Bxd2
Rxd2+ 42.Kxc4 Bb6 43.Kb5 Rd5+ 44.Kc6 Rxf5 45.Rb4 Ke7 46.Re4 g5
47.fxg5 hxg5 0-1

[Event "Moscow Open 2009 B"]
[Site "www.moscowchessopen.ru"]
[Date "2009.02.04"]
[Round "5.81"]
[White "Stoljarov, Dmitriy"]
[Black "Trofimovsky, Alexander"]
[Result "0-1"]
[WhiteElo "1983"]
[BlackElo "2186"]
[Annotator ""]
[Source ""]
[Remark ""]

1.e4 c5 2.Nf3 d6 3.d4 cxd4 4.Nxd4 Nf6 5.Nc3 a6 6.Bg5 e6 7.f4
Qc7 8.Qf3 b5 9.O-O-O b4 10.Nce2 Nbd7 11.g4 Bb7 12.Ng3 Be7 13.Bxf6
Nxf6 14.g5 Nd7 15.f5 e5 16.f6 gxf6 17.Ndf5 Bf8 18.gxf6 O-O-O
19.Ne7+ Kb8 20.Nd5 Qa5 21.Kb1 Nc5 22.Nf5 h5 23.Rg1 Ne6 24.Nde7
Qc5 25.Rg2 Bh6 26.Nxh6 Rxh6 27.Nd5 Nd4 28.Qe3 Rg6 29.Rdd2 Rdg8
30.Nxb4 Rxg2 31.Bxg2 Qxb4 32.c3 Qb5 33.Bh3 Bxe4+ 34.Kc1 Nf3 35.Qxe4
Nxd2 36.Qh7 Rg1+ 37.Kc2 Nc4 38.Qh8+ Ka7 39.Qc8 Qxb2+ 0-1

[Event "Moscow Open 2009 B"]
[Site "www.moscowchessopen.ru"]
[Date "2009.02.04"]
[Round "5.82"]
[White "Medvedev, Vladimir"]
[Black "Tobengauz, Pavel"]
[Result "1/2-1/2"]
[WhiteElo "2182"]
[BlackElo "1955"]
[Annotator ""]
[Source ""]
[Remark ""]

1.d4 e6 2.Nf3 Nf6 3.Bg5 Be7 4.e3 b6 5.Bd3 Bb7 6.Nbd2 O-O 7.c3
d6 8.Qe2 Nbd7 9.Bxf6 Bxf6 10.Be4 Bxe4 11.Nxe4 Be7 12.O-O d5 13.Ng3
Bd6 14.e4 Bxg3 15.fxg3 dxe4 16.Qxe4 c5 17.Rad1 Nf6 18.Qb1 Qe7
19.Rde1 Rad8 20.Kh1 Qc7 21.Re2 Rd5 22.dxc5 Qxc5 23.Qe1 Rfd8 24.Nd4
Rh5 25.h3 Qd5 26.Kg1 Qxa2 27.g4 Rhd5 28.b3 Qa5 29.b4 Qa4 30.g5
Rxg5 31.Rxe6 fxe6 32.Qxe6+ Kh8 33.Rxf6 Qa1+ 34.Rf1 Qxc3 35.Nf3
Rgd5 36.Re1 Rd1 37.Rxd1 Rxd1+ 38.Kh2 Qc7+ 39.Ne5 Rd8 40.h4 Rf8
41.Kh3 Qc3+ 42.g3 Qc7 43.h5 Qc8 44.Nf7+ Kg8 45.Nh6+ Kh8 46.Nf7+ 1/2-1/2

[Event "Moscow Open 2009 B"]
[Site "www.moscowchessopen.ru"]
[Date "2009.02.04"]
[Round "5.83"]
[White "Nastashuk, Stanislav"]
[Black "Khazankin, Moisei"]
[Result "1-0"]
[WhiteElo "1936"]
[BlackElo "2180"]
[Annotator ""]
[Source ""]
[Remark ""]

1.c4 c5 2.Nc3 Nc6 3.g3 g6 4.Bg2 Bg7 5.e4 d6 6.Nge2 e6 7.O-O Nge7
8.Rb1 O-O 9.a3 a5 10.d3 Nd4 11.Bd2 Rb8 12.Nxd4 cxd4 13.Nb5 Nc6
14.f4 f5 15.exf5 gxf5 16.b4 axb4 17.axb4 e5 18.c5 e4 19.dxe4
fxe4 20.Bxe4 d5 21.Qb3 Be6 22.Nd6 Ne7 23.f5 Bf7 24.Bg2 Be5 25.Bf4
Bxf4 26.Rxf4 b6 27.Qd1 bxc5 28.bxc5 Rxb1 29.Qxb1 Qa5 30.Rg4+
Bg6 31.fxg6 Qxc5 32.gxh7+ Kh8 33.Nb7 Qa7 34.Qb2 Rb8 35.Qxd4+
Qxd4+ 36.Rxd4 Rxb7 37.Rd1 Rb5 38.Bf1 Rb3 39.Bd3 Nc6 40.Bf5 Ne7
41.Bb1 Rb8 42.g4 d4 43.Be4 Rd8 44.g5 Kg7 45.h4 Ng6 46.h5 Ne5
47.Ra1 d3 48.Ra7+ Nf7 49.Bxd3 Rxd3 50.g6 Kh8 51.gxf7 Rf3 52.Re7
Kg7 53.f8Q+ 1-0

[Event "Moscow Open 2009 B"]
[Site "www.moscowchessopen.ru"]
[Date "2009.02.04"]
[Round "5.84"]
[White "Sadikhov, Ulvi Ramil Oglu"]
[Black "Pluzhnik, Mikhail"]
[Result "1/2-1/2"]
[WhiteElo "1885"]
[BlackElo "2177"]
[Annotator ""]
[Source ""]
[Remark ""]

1.e4 c5 2.Nf3 e6 3.d4 cxd4 4.Nxd4 Nf6 5.Nc3 d6 6.Be3 Be7 7.Be2
O-O 8.O-O Nc6 9.f4 a6 10.Kh1 Qc7 11.a4 Bd7 12.Nb3 Na5 13.e5 dxe5
14.fxe5 Nd5 15.Nxd5 exd5 16.Qxd5 Nxb3 17.cxb3 Be6 18.Qe4 Bxb3
19.Rfc1 Qd7 20.Bg4 Qd5 21.Bf3 Rad8 22.Qf4 Qd7 23.Rc3 Bd5 24.Bb6
Bxf3 25.Bxd8 Bxg2+ 26.Kxg2 Rxd8 27.Rf3 Bc5 28.Raf1 Qd2+ 29.Kh1
Qxf4 30.Rxf4 Rd7 31.Rc4 b6 32.b4 Be7 33.Rc8+ Bd8 34.Kg2 h6 35.Kf3
Kf8 36.Ke4 Ke7 37.Ra8 a5 38.bxa5 bxa5 39.Rb1 f6 40.Rb5 fxe5 41.Kxe5
Kf7 42.h3 Bf6+ 43.Kf5 g6+ 44.Kg4 Bc3 45.Rbxa5 Bxa5 46.Rxa5 Rd4+
47.Kg3 g5 48.Ra6 Kg7 49.a5 1/2-1/2

[Event "Moscow Open 2009 B"]
[Site "www.moscowchessopen.ru"]
[Date "2009.02.04"]
[Round "5.85"]
[White "Murzin, Lenar"]
[Black "Ramazashvili, Rainer"]
[Result "1-0"]
[WhiteElo "2175"]
[BlackElo "1841"]
[Annotator ""]
[Source ""]
[Remark ""]

1.d4 d5 2.c4 e6 3.Nc3 Nf6 4.cxd5 exd5 5.Bg5 Nbd7 6.e3 Be7 7.Qc2
c6 8.Bd3 O-O 9.Nf3 Re8 10.O-O Nf8 11.h3 Ne4 12.Bf4 f5 13.Ne5
Bg5 14.Bh2 Ng6 15.Nxg6 hxg6 16.b4 a6 17.a4 Bd7 18.Be5 Qb6 19.a5
Qa7 20.Na4 Nxf2 21.Rxf2 Bxe3 22.Nb6 Rad8 23.Kf1 Bxf2 24.Qxf2
Rxe5 25.dxe5 Be6 26.Na4 Qxf2+ 27.Kxf2 Re8 28.Ke3 Kf7 29.h4 Rh8
30.g3 Ke7 31.Nc5 Bc8 32.Kf4 Re8 33.Kg5 Kf7 34.Re1 Be6 35.Nxb7
Rb8 36.Bxa6 Ke7 37.Rb1 d4 38.Nc5 Bf7 39.Bb7 d3 40.Rd1 Bc4 41.a6
Bxa6 42.Bxa6 Rxb4 43.Kxg6 Rg4+ 44.Kxf5 Rxg3 45.Rxd3 g6+ 46.Kf4 1-0

[Event "Moscow Open 2009 B"]
[Site "www.moscowchessopen.ru"]
[Date "2009.02.04"]
[Round "5.86"]
[White "Menshikov, Alexander"]
[Black "Shabanov, Nurlan Mammad Oglu"]
[Result "0-1"]
[WhiteElo "2174"]
[BlackElo "1825"]
[Annotator ""]
[Source ""]
[Remark ""]

1.e4 c5 2.c3 Nf6 3.e5 Nd5 4.d4 cxd4 5.cxd4 Nc6 6.Nc3 Nxc3 7.bxc3
d6 8.f4 dxe5 9.fxe5 Bf5 10.Nf3 e6 11.Bd3 Bg6 12.Bxg6 hxg6 13.O-O
Be7 14.Rb1 b6 15.c4 Qc7 16.Bb2 Na5 17.Rc1 f5 18.d5 Bc5+ 19.Kh1
Qe7 20.Bd4 Nb7 21.Qa4+ Qd7 22.Qb3 Rh5 23.Qe3 Qe7 24.d6 Qd7 25.Rfd1
O-O-O 26.a4 Rdh8 27.a5 Qc6 28.axb6 axb6 29.Ra1 Kd7 30.Ra7 g5
31.Bxc5 g4 32.Ne1 Rxh2+ 33.Kg1 R8h3 34.Qxh3 Rxh3 35.gxh3 Qxc5+
36.Kh1 Qc6+ 37.Kh2 Qe4 38.Rda1 Qxe5+ 39.Kg1 Qe3+ 40.Kf1 Qxh3+
41.Ke2 Qh2+ 42.Kd3 Qxd6+ 43.Kc2 Qh2+ 44.Kc3 Qg3+ 45.Kc2 Qf2+
46.Kc3 Kc6 47.Nd3 Qf3 48.Kc2 Qg2+ 49.Kc3 Qg3 50.Kd4 Qd6+ 51.Kc3
Qg3 52.Kd4 Qc7 53.R1a6 Kd7 54.Ra8 Ke7 55.R6a7 Kf6 56.Kc3 g3 57.Rf8+
Kg5 58.Re8 g2 59.Ra1 Nd6 0-1

[Event "Moscow Open 2009 B"]
[Site "www.moscowchessopen.ru"]
[Date "2009.02.04"]
[Round "5.92"]
[White "Benza, Artem"]
[Black "Borisovsky, Viktor"]
[Result "1/2-1/2"]
[WhiteElo "2298"]
[BlackElo "2041"]
[Annotator ""]
[Source ""]
[Remark ""]

1.e4 c5 2.Nf3 d6 3.d4 cxd4 4.Nxd4 Nf6 5.Nc3 g6 6.Be3 Bg7 7.f3
O-O 8.Qd2 Nc6 9.O-O-O d5 10.exd5 Nxd5 11.Nxc6 bxc6 12.Bd4 e5
13.Bc5 Be6 14.Ne4 Re8 15.h4 h6 16.g4 Qc7 17.Bc4 Red8 18.Qe1 Nf4
19.Qc3 Bd5 20.g5 h5 21.Rhg1 Kh8 22.Rde1 Ne6 23.Be3 Rac8 24.Nf6
Qb7 25.Bf2 Rb8 26.Bb3 Bxb3 27.axb3 Qa6 28.Kb1 Nd4 29.Rxe5 Ne2
30.Rxe2 Qxe2 31.Bd4 Qe6 32.Re1 Qh3 33.Be5 Qxh4 34.Bxb8 Rxb8 35.Qe5
Rf8 36.Rd1 Qh3 37.f4 Qf3 38.Rd3 Qf2 39.b4 Qf1+ 40.Ka2 Qc1 41.Rc3
Qh1 42.Qe7 Qf1 43.Qd6 Qb5 44.Kb3 Rb8 45.Rc4 a5 46.c3 Bf8 47.Qd4
c5 48.Qe5 cxb4 49.Nd7+ Qxe5 50.fxe5 Rd8 51.Nxf8 Rxf8 52.cxb4
Rb8 53.Rc5 axb4 54.Kc4 Kg8 55.b3 Kf8 56.Rc7 Rb6 57.Kc5 Re6 58.Kd5
Rb6 59.Rc8+ Ke7 60.Rc7+ Ke8 61.Kc5 Re6 62.Kd5 Rb6 63.Kc5 Re6
64.Kd4 Rb6 65.Ra7 Rb5 66.Ke4 Rb6 67.Kd5 Rb5+ 68.Kd6 Rb6+ 69.Kc5
Re6 70.Kd5 1/2-1/2

[Event "Moscow Open 2009 B"]
[Site "www.moscowchessopen.ru"]
[Date "2009.02.04"]
[Round "5.93"]
[White "Baskakov, Nikolay"]
[Black "Velikanov, Igor"]
[Result "0-1"]
[WhiteElo "2055"]
[BlackElo "2292"]
[Annotator ""]
[Source ""]
[Remark ""]

1.e4 c5 2.Nf3 Nc6 3.Bb5 d6 4.h3 Bd7 5.O-O a6 6.Be2 Nf6 7.Nc3
g6 8.d3 Bg7 9.Bg5 O-O 10.Qc1 Rb8 11.a3 b5 12.Bd1 Bc8 13.Re1 Bb7
14.Bh6 e5 15.Bg5 Nd4 16.Nh2 Qc7 17.Bxf6 Bxf6 18.Ng4 Bg7 19.Ne3
Qa5 20.Rf1 Bh6 21.Qd2 Qd8 22.Qe1 f5 23.Ncd5 f4 24.Ng4 Bg7 25.c3
Bxd5 26.cxd4 Be6 27.d5 Bd7 28.f3 Bf6 29.Nxf6+ Qxf6 30.g4 fxg3
31.Qxg3 Rf7 32.Be2 a5 33.Kg2 Kg7 34.Rf2 Qf4 35.Qxf4 Rxf4 36.Kg3
g5 37.Rh2 Kf6 38.Kf2 Rh4 39.Kg3 Rh6 40.Bf1 Ke7 41.Rc2 Rf6 42.b3
Rff8 43.Rac1 a4 44.b4 cxb4 45.axb4 Rfc8 46.d4 Rxc2 47.Rxc2 Rc8
48.Rxc8 Bxc8 49.Bxb5 a3 50.Bc4 Ba6 51.Bb3 Kf6 52.h4 gxh4+ 0-1

[Event "Moscow Open 2009 B"]
[Site "www.moscowchessopen.ru"]
[Date "2009.02.04"]
[Round "5.95"]
[White "Pechnikov, Artiom"]
[Black "Piskov, Vladimir"]
[Result "1-0"]
[WhiteElo "2267"]
[BlackElo "2030"]
[Annotator ""]
[Source ""]
[Remark ""]

1.e4 g6 2.d4 Bg7 3.Nc3 c6 4.Be3 d5 5.e5 f6 6.exf6 Nxf6 7.Nf3
Bg4 8.Be2 O-O 9.Ne5 Bxe2 10.Qxe2 Nbd7 11.f4 Nxe5 12.dxe5 Nd7
13.O-O-O e6 14.h4 c5 15.Bd2 Nb6 16.h5 Nc4 17.hxg6 hxg6 18.Qg4
Qe8 19.Qh4 Qc6 20.Qh7+ Kf7 21.Rh6 Rg8 22.Rxg6 Rae8 23.f5 Nxe5
24.fxe6+ Rxe6 25.Rf1+ Ke7 26.Rxg7+ Rxg7 27.Qxg7+ 1-0

[Event "Moscow Open 2009 B"]
[Site "www.moscowchessopen.ru"]
[Date "2009.02.04"]
[Round "5.96"]
[White "Oleinikov, Dmitrij"]
[Black "Vashchenko, Jurij"]
[Result "1-0"]
[WhiteElo "2256"]
[BlackElo "2016"]
[Annotator ""]
[Source ""]
[Remark ""]

1.d4 e6 2.Nf3 f5 3.d5 Be7 4.Nc3 Nf6 5.g3 O-O 6.Bg2 Nxd5 7.Nxd5
exd5 8.Qxd5+ Kh8 9.Bf4 c6 10.Qb3 d5 11.c4 dxc4 12.Qxc4 Nd7 13.O-O
Nb6 14.Qc2 Nd5 15.Be5 Bf6 16.Rfd1 Bxe5 17.Nxe5 Qe7 18.Nd3 Nb4
19.Qc5 Qxc5 20.Nxc5 b6 21.Nd7 Re8 22.Ne5 Bb7 23.Nf7+ Kg8 24.Nd6
Re7 25.a3 Nd5 26.Nxb7 Rxb7 27.Rxd5 1-0

[Event "Moscow Open 2009 B"]
[Site "www.moscowchessopen.ru"]
[Date "2009.02.04"]
[Round "5.97"]
[White "Kuznetsov, Kirill"]
[Black "Rigovich, Albert"]
[Result "1-0"]
[WhiteElo "2245"]
[BlackElo "2016"]
[Annotator ""]
[Source ""]
[Remark ""]

1.e4 e5 2.Nf3 Nc6 3.Bb5 f5 4.Bxc6 dxc6 5.Nc3 Nf6 6.Qe2 Bd6 7.O-O
O-O 8.exf5 Bxf5 9.Re1 Qd7 10.Qc4+ Be6 11.Qh4 e4 12.Ng5 Bf5 13.Ngxe4
Be7 14.Qg3 Rae8 15.d3 Bd6 16.Nxf6+ Rxf6 17.Rxe8+ Qxe8 18.Bf4
Rg6 19.Qf3 Bg4 20.Qe3 Re6 21.Ne4 Bf5 22.Re1 b6 23.Kf1 Qh5 24.Bxd6
cxd6 25.Qg5 Qxg5 26.Nxg5 Rxe1+ 27.Kxe1 Kf8 28.Kd2 Ke7 29.Ke3
h6 30.Ne4 a5 31.h4 Be6 32.a3 b5 33.Kf4 b4 34.axb4 axb4 35.g4
Bc8 36.f3 Ke6 37.h5 Ba6 38.b3 Bc8 39.Ng3 Kd5 40.Ne2 c5 41.g5
Ke6 42.Ng3 Bb7 43.gxh6 gxh6 44.Ne4 Bc6 45.Kg4 Ke7 46.Kf5 Be8
47.Ng3 Bf7 48.f4 Be8 49.Kg4 Bd7+ 50.Kf3 Be8 51.Ke3 Kf6 52.d4
Ke6 53.f5+ Kd5 54.Ne4 cxd4+ 55.Kf4 d3 56.cxd3 Bb5 57.Nf6+ Kd4
58.Ng8 Be8 59.Kg4 Kc3 60.Nxh6 Kxb3 61.f6 Kc2 62.Nf5 Kxd3 63.h6
b3 64.h7 b2 65.h8Q b1Q 66.Qxe8 Qb4+ 67.Kg5 Qd2+ 68.Qe3+ 1-0

[Event "Moscow Open 2009 B"]
[Site "www.moscowchessopen.ru"]
[Date "2009.02.04"]
[Round "5.98"]
[White "Orlov, Evgeny"]
[Black "Martov, Vadim"]
[Result "1-0"]
[WhiteElo "2233"]
[BlackElo "2002"]
[Annotator ""]
[Source ""]
[Remark ""]

1.e4 c6 2.d4 d5 3.e5 Bf5 4.Nf3 e6 5.a3 Nd7 6.Bd3 Bxd3 7.Qxd3
a6 8.O-O Ne7 9.Be3 c5 10.dxc5 Nc6 11.b4 Ndxe5 12.Nxe5 Nxe5 13.Qe2
Qh4 14.c3 Qg4 15.f3 Qc4 16.Qc2 Be7 17.Nd2 Qd3 18.Qxd3 Nxd3 19.Rab1
Bf6 20.Rb3 Ne5 21.Bd4 Nc4 22.Nxc4 dxc4 23.Rbb1 Ke7 24.Rbd1 Rhd8
25.Bxf6+ Kxf6 26.Kf2 e5 27.Ke3 Ke6 28.f4 exf4+ 29.Kxf4 f6 30.g4
g6 31.a4 Rac8 32.a5 Kf7 33.Rfe1 Kf8 34.h4 Kf7 35.Rxd8 Rxd8 36.Re4
Rd3 37.Rxc4 Rh3 38.c6 bxc6 39.Rxc6 Rxh4 40.Kg3 Rh1 41.Rxa6 h5
42.gxh5 Rxh5 43.Rc6 Rg5+ 44.Kf4 Rf5+ 45.Ke4 Re5+ 46.Kd4 g5 47.a6
g4 48.a7 Re8 49.Ra6 Ra8 50.b5 g3 51.Ke3 g2 52.Kf2 1-0

[Event "Moscow Open 2009 B"]
[Site "www.moscowchessopen.ru"]
[Date "2009.02.04"]
[Round "5.99"]
[White "Stepanov, Igor"]
[Black "Ivanets, Vladimir"]
[Result "0-1"]
[WhiteElo "2044"]
[BlackElo "2223"]
[Annotator ""]
[Source ""]
[Remark ""]

1.d4 b5 2.a4 b4 3.c4 Nf6 4.f3 e6 5.e4 d6 6.Ne2 Be7 7.Be3 Nbd7
8.Nd2 c5 9.Nb3 O-O 10.a5 a6 11.Qd2 Qc7 12.d5 exd5 13.exd5 Re8
14.Ng3 g6 15.Be2 Bf8 16.Bh6 Bg7 17.Bxg7 Kxg7 18.h4 h5 19.Qf4
Nf8 20.Ne4 Nxe4 21.fxe4 Qe7 22.O-O Ra7 23.Bd3 Bg4 24.g3 Nd7 25.Rf2
Ne5 26.Bf1 Rf8 27.Nd2 Raa8 28.Qe3 Rae8 29.Bg2 f5 30.b3 Nf7 31.Qf4
Ne5 32.Qe3 Qd8 33.Ra2 Rf6 34.Rf4 Ref8 35.exf5 gxf5 36.Rf1 R6f7
37.Nf3 Bxf3 38.Bxf3 f4 39.gxf4 Rxf4 40.Rg2+ Ng4 0-1

[Event "Moscow Open 2009 B"]
[Site "www.moscowchessopen.ru"]
[Date "2009.02.04"]
[Round "5.100"]
[White "Bolshakov, Dmitry"]
[Black "Tolmachev, Aleksander"]
[Result "1-0"]
[WhiteElo "2217"]
[BlackElo "2002"]
[Annotator ""]
[Source ""]
[Remark ""]

1.e4 Nf6 2.Nc3 d5 3.e5 Nfd7 4.Nxd5 Nxe5 5.Ne3 Nbc6 6.Nf3 Nxf3+
7.Qxf3 e6 8.c3 Bd6 9.d4 O-O 10.Bd3 Ne7 11.Nc4 Bd7 12.Nxd6 cxd6
13.Qe4 g6 14.Bh6 Re8 15.O-O Nf5 16.Bc1 Bc6 17.Qg4 Ng7 18.Rd1
Qc7 19.c4 e5 20.d5 Bd7 21.Qg5 e4 22.Be2 Re5 23.Qf6 Qb6 24.b3
Rf5 25.Qh4 Re8 26.Be3 Qc7 27.g4 Rfe5 28.Qf6 Ra8 29.Bd4 Rae8 30.c5
Qc8 31.h3 R8e7 32.cxd6 Ne8 33.Qf4 g5 34.Qg3 1-0

[Event "Moscow Open 2009 B"]
[Site "www.moscowchessopen.ru"]
[Date "2009.02.04"]
[Round "5.101"]
[White "Davydenko, Andrey"]
[Black "Pokhlebin, Sergej"]
[Result "1-0"]
[WhiteElo "2212"]
[BlackElo "1999"]
[Annotator ""]
[Source ""]
[Remark ""]

1.e4 c5 2.Nf3 d6 3.d4 cxd4 4.Nxd4 Nf6 5.Nc3 a6 6.f3 e5 7.Nb3
Be6 8.Be3 Be7 9.Qd2 Nbd7 10.g4 O-O 11.O-O-O b5 12.g5 b4 13.Ne2
Ne8 14.h4 a5 15.Kb1 a4 16.Nbc1 Nb6 17.Ng3 d5 18.Bxb6 Qxb6 19.exd5
Rd8 20.Bc4 Nc7 21.Qe2 Bxd5 22.Nf5 Qe6 23.Nxe7+ Qxe7 24.Bxd5 Nxd5
25.Nd3 f6 26.gxf6 gxf6 27.Rde1 a3 28.Qg2+ Kh8 29.b3 Nc3+ 30.Ka1
Qd6 31.Qf2 Qd4 32.Qe3 Rg8 33.Qxd4 Rxd4 34.Re3 Rg2 35.Nxb4 Rgd2
36.Rd3 R4xd3 37.cxd3 Kg7 38.Rc1 Kg6 39.Nc2 Ne2 40.Kb1 Nxc1 41.Kxc1
Rxd3 42.Nxa3 Rxf3 43.Nc4 Rf4 44.a4 Kf7 45.a5 Rd4 46.Kc2 Ke6 47.a6
Rd7 48.b4 Ra7 49.b5 Kd7 50.Kd3 f5 51.Nxe5+ Kc8 52.Kc4 Kc7 53.Kc5
Kc8 54.Kb6 Re7 55.a7 Rb7+ 56.Ka6 1-0

[Event "Moscow Open 2009 B"]
[Site "www.moscowchessopen.ru"]
[Date "2009.02.04"]
[Round "5.102"]
[White "Kuznetsov, Mikhail V"]
[Black "Obrezchikov, Mikhail"]
[Result "1/2-1/2"]
[WhiteElo "2196"]
[BlackElo "1983"]
[Annotator ""]
[Source ""]
[Remark ""]

1.d4 Nf6 2.Nf3 e6 3.c4 d5 4.Nc3 c6 5.e3 Bd6 6.Bd3 dxc4 7.Bxc4
Nbd7 8.O-O O-O 9.e4 e5 10.Bg5 exd4 11.Nxd4 Ne5 12.Be2 h6 13.Bh4
Ng6 14.Bg3 Bxg3 15.hxg3 Re8 16.Bf3 Ne5 17.Nb3 Qe7 18.Qc2 Nfg4
19.Bxg4 Nxg4 20.Rfe1 Be6 21.Nd4 Rad8 22.Nxe6 Qxe6 23.e5 Nxe5
24.Qa4 Qf5 25.Qxa7 Qh5 26.f3 Rd2 27.Qe3 Rxb2 28.Na4 Rc2 29.f4
Qh2+ 30.Kxh2 Ng4+ 31.Kh3 Nxe3 32.Nb6 f6 33.Rad1 g5 34.Rd3 g4+
35.Kh2 Rxg2+ 36.Kh1 Rxg3 37.Nc4 Rh3+ 38.Kg1 Rg3+ 39.Kh1 Rf3 40.Nxe3
Rxf4 41.Rb1 Re7 42.Ng2 Rf2 43.Nh4 h5 44.Rd8+ Kg7 45.Kg1 Rf4 46.Rb3
f5 47.Kg2 b5 48.Kg3 Rf1 49.Rc8 Re2 50.Rc7+ Kg8 51.Ng6 Re6 52.Nf4
h4+ 53.Kxh4 Rxf4 54.Rd3 Rfe4 55.Rd8+ Re8 56.Rdd7 R4e6 57.Kg5
g3 58.Rg7+ Kh8 59.Rh7+ Kg8 1/2-1/2

[Event "Moscow Open 2009 B"]
[Site "www.moscowchessopen.ru"]
[Date "2009.02.04"]
[Round "5.103"]
[White "Denishev, Marat"]
[Black "Savin, Boris"]
[Result "1-0"]
[WhiteElo "2028"]
[BlackElo "2189"]
[Annotator ""]
[Source ""]
[Remark ""]

1.e4 Nf6 2.e5 Nd5 3.c4 Nb6 4.d4 d6 5.exd6 cxd6 6.Nc3 g6 7.Be3
Bg7 8.Rc1 Nc6 9.b3 O-O 10.Be2 h6 11.Qd2 Kh7 12.Nf3 Bg4 13.d5
Bxf3 14.Bxf3 Ne5 15.Be2 Ned7 16.O-O Re8 17.f4 e6 18.dxe6 Rxe6
19.f5 gxf5 20.Bd3 Kg8 21.Bxf5 Re8 22.Bxh6 Ne5 23.Ne4 d5 24.Bxg7
Kxg7 25.cxd5 Nxd5 26.Rc5 Nb6 27.Qc3 Qe7 28.Rc7 Qh4 29.Be6 Rxe6
30.Rfxf7+ Kg8 31.Rg7+ Kh8 32.Rh7+ Qxh7 33.Rxh7+ Kxh7 34.Ng5+
Kg6 35.Nxe6 Nbd7 36.Nc5 Rc8 37.Qg3+ Kf6 38.Qh4+ Kf7 39.Qh7+ Ke8
40.Qg8+ Nf8 41.Ne6 Rc1+ 42.Kf2 Nd3+ 43.Kg3 1-0

[Event "Moscow Open 2009 B"]
[Site "www.moscowchessopen.ru"]
[Date "2009.02.04"]
[Round "5.104"]
[White "Sangadzhiev, German"]
[Black "Harutyunian, Tigran K"]
[Result "0-1"]
[WhiteElo "2180"]
[BlackElo "1980"]
[Annotator ""]
[Source ""]
[Remark ""]

1.d4 d5 2.c4 e6 3.Nc3 Nf6 4.Bg5 Be7 5.e3 O-O 6.Nf3 h6 7.Bh4 b6
8.cxd5 Nxd5 9.Bxe7 Qxe7 10.e4 Nxc3 11.bxc3 Bb7 12.Bd3 c5 13.O-O
Rd8 14.Qa4 cxd4 15.cxd4 a6 16.Rfe1 Nc6 17.d5 Nb4 18.Rad1 Nxd3
19.Rxd3 exd5 20.e5 Rac8 21.Nd4 Rc4 22.Qd1 Bc8 23.f4 g6 24.Kh1
Kh7 25.Qd2 Be6 26.Qe3 b5 27.Qf2 Qc5 28.Qh4 Rd7 29.Nxe6 fxe6 30.Qg4
Qe7 31.Rh3 Rdc7 32.Rhe3 Rc1 33.Qe2 Rxe1+ 34.Qxe1 Qc5 35.Qf2 Qc2
36.Qh4 Qd2 37.Re1 Qxa2 38.Qd8 Qc4 39.h4 b4 40.h5 gxh5 41.f5 Qc5
42.f6 Qc6 43.Rf1 Rf7 44.Rf3 h4 45.Qa5 b3 46.Qd2 Qc2 47.Qxc2+
bxc2 48.Rc3 Kg6 49.Rxc2 Kf5 50.Re2 d4 51.Kh2 d3 52.Re1 d2 53.Rd1
Kxe5 54.Rxd2 Kxf6 55.Ra2 Ra7 56.Ra5 e5 57.Kh3 Kf5 58.Kxh4 Kf4
59.g3+ Ke4 60.Kh5 Rg7 61.g4 Rg5+ 62.Kxh6 Rxg4 63.Rxa6 Kf3 0-1

[Event "Moscow Open 2009 B"]
[Site "www.moscowchessopen.ru"]
[Date "2009.02.04"]
[Round "5.105"]
[White "Natacheev, Peter"]
[Black "Medvedev, Nikolai"]
[Result "0-1"]
[WhiteElo "2179"]
[BlackElo "1963"]
[Annotator ""]
[Source ""]
[Remark ""]

1.e4 c5 2.f4 d5 3.e5 Nc6 4.Nf3 Bg4 5.Be2 e6 6.d3 Nh6 7.O-O Nf5
8.c3 Qb6 9.Kh1 h5 10.Ng5 Bxe2 11.Qxe2 h4 12.Nd2 Be7 13.Ndf3 Bxg5
14.Nxg5 Nce7 15.Kg1 Rd8 16.Rb1 Nc6 17.Qf2 d4 18.Qc2 c4 19.Kh1
cxd3 20.Qxd3 dxc3 21.Qc2 Qb5 22.Rg1 Qd5 23.h3 Qxa2 24.Ne4 Nb4
25.Nxc3 Nxc2 26.Nxa2 O-O 27.Nc3 Rd7 28.b3 Rfd8 29.Rb2 Nce3 30.Bxe3
Nxe3 31.Nb5 a6 32.Nd6 Nf5 33.Nxf5 exf5 34.Rf1 Rd1 35.Kg1 Rxf1+
36.Kxf1 Rd4 37.Rf2 Re4 38.Rf3 Kf8 39.Kf2 Ke7 40.g3 hxg3+ 41.Kxg3
Ke6 42.Rd3 Rb4 43.Kf3 a5 44.h4 b5 45.Ke3 a4 46.bxa4 bxa4 47.Rd6+
Ke7 48.Ra6 Rb3+ 49.Kf2 a3 50.Kg2 Rb2+ 51.Kf3 a2 52.Kg3 Kd7 53.h5
Kc7 54.Kh4 Kb7 55.Ra4 Kb6 56.Kg5 Kb5 57.Ra7 Rh2 58.Kxf5 Rxh5+
59.Ke4 Rh2 60.Kd3 Kb4 61.f5 Rh3+ 62.Kd4 Ra3 63.Rb7+ Ka4 64.Kc4
Rc3+ 65.Kd5 Ka3 66.Rxf7 Kb2 67.Rb7+ Rb3 68.Ra7 Ra3 69.Rb7+ Kc2
70.Rc7+ Kd2 0-1

[Event "Moscow Open 2009 B"]
[Site "www.moscowchessopen.ru"]
[Date "2009.02.04"]
[Round "5.106"]
[White "Leonov, Vladislav"]
[Black "Atababayev, Khalid"]
[Result "0-1"]
[WhiteElo "2176"]
[BlackElo "1961"]
[Annotator ""]
[Source ""]
[Remark ""]

1.e4 Nf6 2.e5 Nd5 3.Nf3 d6 4.Bc4 e6 5.O-O Nb6 6.Bb3 c5 7.c3 dxe5
8.Nxe5 N8d7 9.Nf3 Be7 10.d4 Nf6 11.Qe2 O-O 12.Rd1 Qc7 13.Bg5
Nfd5 14.Bxe7 Nxe7 15.Nbd2 cxd4 16.cxd4 Bd7 17.Rac1 Bc6 18.Ne5
Qd6 19.Ne4 Bxe4 20.Qxe4 Nbd5 21.g3 Rac8 22.Nf3 b6 23.Ng5 Nf6
24.Qb7 Rxc1 25.Rxc1 Nf5 26.Rc7 h6 27.Nxf7 Qxd4 28.Nxh6+ Nxh6
29.Bxe6+ Kh8 30.Rc8 Rxc8 31.Qxc8+ Kh7 32.Bf5+ Nxf5 33.Qxf5+ Kg8
34.Qc8+ Kf7 35.Qc2 Qe4 36.Qb3+ Kg6 37.h3 0-1

[Event "Moscow Open 2009 B"]
[Site "www.moscowchessopen.ru"]
[Date "2009.02.04"]
[Round "5.107"]
[White "Sokolov, Boris"]
[Black "Shapfiullin, Ildar"]
[Result "0-1"]
[WhiteElo "2015"]
[BlackElo "2175"]
[Annotator ""]
[Source ""]
[Remark ""]

1.c4 Nf6 2.Nf3 c6 3.d4 d5 4.Nc3 a6 5.a4 a5 6.cxd5 Nxd5 7.e4 Nb4
8.Bc4 e6 9.O-O Be7 10.e5 b6 11.Ne4 Ba6 12.b3 b5 13.axb5 cxb5
14.Be2 N8c6 15.h4 h6 16.Be3 Nd5 17.Bd2 Qb6 18.Qe1 Ncb4 19.Qb1
O-O 20.Ng3 Bb7 21.Qe4 Nc3 22.Qg4 Nxe2+ 23.Nxe2 Kh8 24.Nf4 Bxf3
25.gxf3 Rad8 26.Be3 Nd5 27.Nxd5 Rxd5 28.f4 f5 29.Qh5 Kh7 30.Rfc1
g6 31.Qe2 Bxh4 32.Rc5 Rfd8 33.Qc2 Rxc5 34.dxc5 Qc6 35.Rxa5 Qf3
36.Ra1 g5 37.fxg5 Bxg5 38.Bxg5 Rg8 39.Kf1 Qh1+ 40.Ke2 Qxa1 0-1

[Event "Moscow Open 2009 B"]
[Site "www.moscowchessopen.ru"]
[Date "2009.02.04"]
[Round "5.108"]
[White "Murzin, Sergey"]
[Black "Khatnikov, Alexander"]
[Result "1/2-1/2"]
[WhiteElo "2160"]
[BlackElo "1958"]
[Annotator ""]
[Source ""]
[Remark ""]

1.c4 Nf6 2.Nc3 g6 3.g3 Bg7 4.Bg2 O-O 5.e4 d6 6.d3 e5 7.Nge2 Nc6
8.O-O Nh5 9.Be3 Be6 10.Qd2 Qd7 11.Nd5 Nd4 12.Nxd4 exd4 13.Bh6
c5 14.Bxg7 Kxg7 15.Nf4 Nxf4 16.Qxf4 f6 17.h4 Rae8 18.a3 b6 19.b4
h6 20.Qd2 f5 21.exf5 Bxf5 22.b5 Bh3 23.Bc6 Qf7 24.Rfe1 Bd7 25.Bd5
Be6 26.Bxe6 Rxe6 27.Rxe6 Qxe6 28.Re1 Qf6 29.Qe2 Qf3 30.a4 Qxe2
31.Rxe2 Kf6 32.a5 Rd8 33.axb6 axb6 34.Ra2 d5 35.cxd5 Rxd5 36.Kf1
Re5 37.Ra8 Re6 38.Rc8 Ke7 39.Rc7+ Kd6 40.Rb7 Kd5 41.Rd7+ Rd6
42.Rc7 Re6 43.g4 Ke5 44.Rf7 Rf6 45.Rc7 Kf4 46.Rc6 Ke5 47.Rc7 1/2-1/2